000 01225nam a22002777a 4500
005 20100906104624.0
008 100906t xxu||||| |||| 00| 0 hin d
010 _aHIN-90384
020 _a9789380458137
_c695.00
035 _aHN-62730
037 _bDBAD/PUN
040 _aDPL
_bHN
082 _a820.92
100 _918464
245 _aनासिरा शर्माःएक मूल्यांकन /
_cएम.फीरोज़ अहमद द्वारा संपादित
246 _aNasira Sharma:ek Mulyankan
_bEd by M.Feroz ahmed
260 _aनई दिल्ली
_bसामयिक बुक्स
_c2010
270 _a3320-21, जटवाड़ा, दरियागंज, एन.एस.मार्ग
_bनई दिल्ली
_e110002
300 _a448पृ.
_c22सेमी (सजिल्द)
650 _91169
650 _918465
700 _918865
_aअहमद, एम.फीरोज़
700 _918866
942 _2ddc
_cHN
_h820.92
_mनासिरा
999 _c44426
_d44426